000
00308nam a2200109Ia 4500
008
171211s9999 xx 000 0 und d
245
_a
High Performance Browser Networking
245
_c
Ilya Grigorik
260
_c
2013
650
_x
Web Development
856
_u
http://down.ebook777.com/008/9781449344764.pdf
999
_c
350107
_d
350107